<?xml version="1.0" encoding="UTF-8"?>
<record
    xmlns:xsi="http://www.w3.org/2001/XMLSchema-instance"
    xsi:schemaLocation="http://www.loc.gov/MARC21/slim http://www.loc.gov/standards/marcxml/schema/MARC21slim.xsd"
    xmlns="http://www.loc.gov/MARC21/slim">

  <leader>00613nam a2200169Ia 4500</leader>
  <controlfield tag="008">180921t2018    xxu||||| |||| 00| 0 sin d</controlfield>
  <datafield tag="041" ind1=" " ind2=" ">
    <subfield code="a">sin</subfield>
  </datafield>
  <datafield tag="080" ind1=" " ind2=" ">
    <subfield code="a">294.3</subfield>
    <subfield code="b">&#xDA4;&#xDCF;&#xDAB;&#xDCF;&#xDB1;</subfield>
  </datafield>
  <datafield tag="100" ind1=" " ind2=" ">
    <subfield code="a">&#xDA4;&#xDCF;&#xDAB;&#xDCF;&#xDB1;&#xDB1;&#xDCA;&#xDAF; &#xDC4;&#xDD2;&#xDB8;&#xDD2;, &#xD9A;&#xDD2;&#xDBB;&#xDD2;&#xDB6;&#xDAD;&#xDCA;&#xD9C;&#xDDC;&#xDA9;</subfield>
  </datafield>
  <datafield tag="245" ind1=" " ind2=" ">
    <subfield code="a">&#xDC0;&#xDD2;&#xDC4;&#xDD2;&#xDB1;&#xDCA; &#xD85;&#xDB8;&#xDCF;&#xDBB;&#xDD4;&#xDC0;&#xDDA; &#xDC0;&#xDD0;&#xDA7;&#xDD9;&#xDB1;&#xDCA;&#xDB1; &#xD91;&#xDB4;&#xDCF;</subfield>
  </datafield>
  <datafield tag="246" ind1=" " ind2=" ">
    <subfield code="a">Wihin amaruwe wetenna epa</subfield>
  </datafield>
  <datafield tag="260" ind1=" " ind2=" ">
    <subfield code="b">&#xDB8;&#xDC4;&#xDCF;&#xDB8;&#xDDA;&#xD9D; &#xDB4;&#xDCA;&#x200D;&#xDBB;&#xD9A;&#xDCF;&#xDC1;&#xD9A;&#xDBA;&#xDDD;</subfield>
    <subfield code="a">&#xDB4;&#xDDC;&#xDBD;&#xDCA;&#xD9C;&#xDC4;&#xDC0;&#xDD9;&#xDBD;</subfield>
    <subfield code="c">2018</subfield>
  </datafield>
  <datafield tag="300" ind1=" " ind2=" ">
    <subfield code="b">&#xDB4;&#xDD2;.116, &#xDC3;&#xDD9;.&#xDB8;&#xDD3;.21</subfield>
  </datafield>
  <datafield tag="942" ind1=" " ind2=" ">
    <subfield code="c">BK</subfield>
  </datafield>
  <datafield tag="952" ind1=" " ind2=" ">
    <subfield code="0">0</subfield>
    <subfield code="1">0</subfield>
    <subfield code="4">0</subfield>
    <subfield code="7">0</subfield>
    <subfield code="8">MONO</subfield>
    <subfield code="a">MAIN</subfield>
    <subfield code="b">MAIN</subfield>
    <subfield code="d">2022-03-24</subfield>
    <subfield code="o">294.3 &#xDA4;&#xDCF;&#xDAB;&#xDCF;&#xDB1;</subfield>
    <subfield code="p">168421</subfield>
    <subfield code="r">2023-06-01</subfield>
    <subfield code="w">2023-06-01</subfield>
    <subfield code="y">BK</subfield>
  </datafield>
  <datafield tag="999" ind1=" " ind2=" ">
    <subfield code="c">6626</subfield>
    <subfield code="d">6626</subfield>
  </datafield>
  <controlfield tag="003">LK-CoDNM</controlfield>
  <datafield tag="040" ind1=" " ind2=" ">
    <subfield code="a">LK-CoDNM</subfield>
    <subfield code="d">LK-CoDNM</subfield>
    <subfield code="e">LK-CoDNM</subfield>
  </datafield>
</record>
